000 00467nam a22001577a 4500
003 macl
005 20191115112321.0
008 191115b xxu||||| |||| 00| 0 eng d
040 _cmacl
082 _a900
100 _aशर्मा ,कंचन
_977106
245 _aभारत एक विमर्श
260 _aदिल्‍ली
_bआलोकपर्व प्रकाशन
_c2016
650 _aइतिहास
_977107
942 _2ddc
_cHIN
999 _c61287
_d61287